Gone Forever - Three Days Grace (all lyrics) - Statistics

General Stats
  • This quiz has been taken 23 times
  • The average score is 197 of 256
Answer Stats
Answer % Correct
forever
100%
gone
100%
I
100%
Now
100%
now
100%
Now,
100%
So
100%
so
100%
a
92%
be
92%
better
92%
feel
92%
lying,
92%
much
92%
that
92%
That
92%
you
92%
at
83%
Don't
83%
don't
83%
Feels
83%
going
83%
here
83%
know
83%
like
83%
need
83%
on
83%
what
83%
what's
83%
you're
83%
all
75%
And
75%
and
75%
believe
75%
can't
75%
denying
75%
hundred
75%
I'm
75%
miss
75%
not
75%
still
75%
wrong
75%
years
75%
are
67%
clear
67%
coming
67%
me
67%
the
67%
With
67%
drunk
58%
eyes
58%
fuck
58%
I'll
58%
life
58%
myself
58%
night
58%
our
58%
stay
58%
tell
58%
these
58%
things
58%
up
58%
went
58%
bloodshot
50%
disappeared
50%
fight
50%
First
50%
glad
50%
in
50%
it
50%
missing
50%
this
50%
time
50%
about
42%
around
42%
comes
42%
forget
42%
Get
42%
made
42%
morning
42%
of
42%
out
42%
see
42%
story
42%
surround
42%
While
42%
world
42%
could
33%
have
33%
hope
33%
it's
33%
I've
33%
known
33%
leave
33%
screamed
33%
should
33%
Until
33%
walls
33%
No matching quizzes found
Score Distribution
Percent of People with Each Score
Percentile by Number Answered
Your Score History
You have not taken this quiz